01398 am a2200361 a 450000500170000000800410001702000150005804100080007310000260008124500530010725000110016026000560017130000110022750001230023865300260036165300750038765300380046265300310050065300450053165300400057665300450061665300220066165300390068365300380072265300410076065300150080165300410081665300180085765300480087565300410092365300440096470000280100820220817085813.0100415s1984||||ag a f |||| 001 0 spa d a9505051441 aspa1 aMoguilevsky, Jaime A. aNeuroendocrinología / cJaime A. Moguilevsky. a1a ed. aBuenos Aires : bLópez Libreros Editores, c1984. a332 p. aMoguilevsky, J. A. y Faigón, M. R. (1984). Neuroendocrinología. (1a ed.) Buenos Aires: López Libreros ediciones aNeuroendocrinología aNeurosecreción. Anatomiía funcional del eje hipotalamo hiposisario aHormonas o factores hipotalamicos aMecanismos de regulación aNeurotrasmisores y neuroendocrinología aEndorfinas y neuroendrocrinología aProstaglandinas y neuroendrocrinología aGlándula pineal aEje hipotálamo-hipofiso tiroideo aEje hipotálamo-hipofiso ovarico aEje hipotálamo-hipofiso testicular aProlactina aNeuroendocrinología de la pubertad aSomatotrofina aEje hipotalamo-hipofisio-corticosuprarrenal aNeuroendocrinologia de la menopausia aFisiopatología de la secrecion de MSH1 aFaigón, María Rosa.